Random French Vocabulary #1 - Statistics

General Stats
  • This quiz has been taken 197 times
  • The average score is 12 of 15
Answer Stats
French English % Correct
fromage cheese
98%
aujourd'hui today
94%
international international
92%
Chine China
91%
jouer play/to play
89%
difficile difficult
88%
glace ice
85%
ordinateur computer
84%
vache cow
84%
vivre live/to live
84%
hier yesterday
79%
nez nose
70%
cochon pig
68%
Royaume-Uni United Kingdom/UK
64%
souris mouse
62%
No matching quizzes found
Score Distribution
Percent of People with Each Score
Percentile by Number Answered
Your Score History
You have not taken this quiz